| 000 | 01332cam a2200349 a 4500 | ||
|---|---|---|---|
| 001 | EDZ0000019110 | ||
| 003 | StDuBDS | ||
| 005 | 20161031105133.0 | ||
| 006 | m||||||||d|||||||| | ||
| 007 | cr ||||||||||| | ||
| 008 | 110107s2001 enka fo 001|0|eng d | ||
| 020 |
_a9781848608375 (ebook) : _cNo price |
||
| 040 |
_aStDuBDS _beng _cStDuBDS _epn |
||
| 049 | _aAlfaisal Main Library | ||
| 050 | 4 | _aHT151 | |
| 082 | 0 | 4 |
_a307.76 _222 |
| 245 | 0 | 0 |
_aHandbook of urban studies _h[electronic resource] / _cedited by Ronan Paddison. |
| 260 |
_aLondon : _bSAGE, _c2001. |
||
| 300 |
_a1 online resource (xvii, 494 p.) : _bill. |
||
| 520 | 8 | _aThis handbook is a comprehensive, cross-disciplinary and up-to-date account of the urban condition, and of the theories through which the structure, development and changing character of the city is understood. | |
| 521 | _aSpecialized. | ||
| 588 | _aDescription based on print version record. | ||
| 504 | _aIncludes bibliographical references and index. | ||
| 650 | 0 | _aCities and towns. | |
| 650 | 0 | _aSociology, Urban. | |
| 655 | 7 |
_aElectronic books. _2local |
|
| 700 | 1 | _aPaddison, Ronan. | |
| 710 | 2 | _aSage eBooks | |
| 776 | 0 | 8 |
_iPrint version : _z9780803976955 |
| 856 | 4 | 0 | _uhttp://ezproxy.alfaisal.edu/login?url=http://sk.sagepub.com/reference/hdbk_urban |
| 942 |
_2lcc _cEBOOKS |
||
| 999 |
_c480119 _d480119 |
||